|
|
|
|
| LEADER |
00641cam a2200181 7i4500 |
| 001 |
0000007985 |
| 005 |
20190701090000.0 |
| 020 |
|
|
|a 0130325147
|
| 090 |
0 |
0 |
|a QD33.2
|b .G53 2001
|
| 100 |
1 |
|
|a Glanville, James O
|
| 245 |
1 |
0 |
|a General chemistry for engineers
|c James O. Glanville.
|
| 260 |
|
|
|a Upper Saddle River:
|b Prentice Hall,
|c 2001.
|
| 300 |
|
|
|a xv, 670 p.:
|b ill.;
|c 28 cm.
|
| 500 |
|
|
|a Premilinary edition
|
| 504 |
|
|
|a Includes bibliographical references and index
|
| 650 |
0 |
0 |
|a Chemsitry --
|x Engineers
|
| 997 |
|
|
|a Engineering & Life Sciences, Faculty
|b Engineering, Department
|
| 999 |
|
|
|a 0000004398
|b BOK
|c OPEN SHELF
|e 2nd Floor, Bestari Jaya
|